Mapa de Departamentos del Perú - Estadísticas

Estadísticas generales
  • Esta prueba ha sido intentada 6.420 veces
  • La puntuación promedio es 19 de 26
Respuestas en el mapa
Las respuestas están codificadas por una escala verde-roja en el mapa de la prueba según el % correcto abajo.
 
Estadísticas de respuestas
Departamentos % Correcto
Lima
98%
Provincia de {Lima}
98%
Cusco
86%
Arequipa
83%
Callao
79%
Loreto
78%
Amazonas
77%
Puno
75%
Ica
74%
Tacna
74%
Madre de Dios
73%
Piura
73%
Tumbes
71%
Cajamarca
69%
Áncash
67%
La Libertad
67%
Ayacucho
64%
Ucayali
64%
Junín
63%
Lambayeque
63%
Moquegua
63%
San Martín
62%
Huancavelica
59%
Huánuco
59%
Apurímac
58%
Pasco
57%
No se encontraron pruebas coincidentes
Distribución de puntuación
Porcentaje de gente con cada puntuación
Porcentaje por número respondido
Historial de tus puntuaciones
No has intentado esta prueba.